Colección de todas las pragmáticas, cédulas, provisiones, circulares, autos acordados, bandos...del señor Don Carlos IV

Detalles Bibliográficos
Formato: Libro
Publicado: Madrid 1797
Materias:
Colección:Banco de datos
Acervo:Biblioteca Nacional de Antropología e Historia. Fondo Conventual
Descripción Física:t.II
Tema general:Historia Civil
Notas:Buena. Comprende desde el año de 1794 al 1796. Tiene ex libris manuscrito de Manuel López Torrecilla y de la Fuente y un ex libris en sello no identificado. XIX, 2,11.
LEADER 00876nam a22001930004500
035 |a 8300 
036 |a 2905 
245 1 0 |a Colección de todas las pragmáticas, cédulas, provisiones, circulares, autos acordados, bandos...del señor Don Carlos IV  |c Comp. Santos Sánchez 
260 |a Madrid  |b Viuda e hijo de Marín  |c 1797 
300 |a t.II 
500 |a Buena. Comprende desde el año de 1794 al 1796. Tiene ex libris manuscrito de Manuel López Torrecilla y de la Fuente y un ex libris en sello no identificado. XIX, 2,11. 
650 1 0 |a Historia Civil 
949 |a B.N.A.H. 
959 |a Biblioteca Nacional de Antropología e Historia. Ciudad de México  |b CCC1 
960 |a Seminario de Morelia  |b DD56 
961 |a Casa de formación del Clero Secular  |b CS 
942 |c B.N.A.H. 
943 |g Biblioteca Nacional de Antropología e Historia. Fondo Conventual 
999 |c 1032832  |d 1032832